[Event "ICS rated blitz match"]
[Site "207.99.83.227"]
[Date "1999.04.14"]
[Round "?"]
[White "Prof-Moriarty"]
[Black "Hossa"]
[Result "1-0"]
[WhiteElo "2364"]
[BlackElo "2546"]
[Annotator "Crafty v16.6"]
[PlyCount "49"]

{annotating for player Hossa using a scoring margin of +0.10 pawns. search
time limit is 20.00} 1. d4 1... Nf6 2. Nf3 e6 3. e3 Be7 4. Bd3 O-O 5. O-O d5 6.
b3 Nc6 7. Bb2 b6 ({9:-0.40} 7... b6 8. a3 Ng4 9. Nfd2 Nf6 10. Qe2 Bb7 11. f4
11... Qd6 $14) ({9:-0.11} 7... Nb4 8. Be2 c5 9. Nc3 cxd4 10. exd4 Ne4 11. Ne5
Nxc3 12. Bxc3 12... Qd6 $10) 8. Nbd2 Kh8 ({10:-0.54} 8... Kh8 9. Ne5 Bb7 10. a3
Nxe5 11. dxe5 Ne4 12. Qh5 Ng5 13. Rad1 13... Kg8 $14) ({10:-0.22} 8... Nb4 9.
Be2 c5 10. c3 Nc6 11. Ne5 Nxe5 12. dxe5 Nd7 13. c4 13... Bb7 $10) 9. a3 Bb7 10.
Ne5 Qd6 ({8:-0.70} 10... Qd6 11. f4 Nd8 12. c3 c5 13. Rc1 cxd4 14. cxd4 Rc8 15.
Rxc8 15... Bxc8 $14) ({8:-0.57} 10... Nb8 11. f4 Nbd7 12. Nxd7 Qxd7 13. c3 c5
14. Rc1 14... Rad8 $14) 11. f4 Rae8 ({8:-0.74} 11... Rae8 12. c3 Nb8 13. Qe2 c5
14. Rac1 cxd4 15. cxd4 15... Nc6 $16) ({8:-0.62} 11... Nd8 12. c3 c5 13. Rc1
Rc8 14. Qe2 cxd4 15. cxd4 15... Nc6 $14) 12. Rf3 Qd8 13. Rh3 Nb8 ({9:-3.37} 
13... Nb8 14. Bxh7 Qc8 15. Bg6+ Kg8 16. Bxf7+ Rxf7 17. Ng6 Nh7 18. Qh5 Bh4 19.
Rxh4 19... Nf6 $18) ({9:-0.84} 13... Nxe5 14. dxe5 Ne4 15. Nxe4 dxe4 16. Qh5 h6
17. Bb5 c6 18. Rd1 Qc7 19. Bc4 $16) 14. g4 Ne4 ({9:-1.54} 14... Ne4 15. Qf3 h6
16. Nxe4 dxe4 17. Bxe4 Bxe4 18. Qxe4 Qd5 19. Qxd5 exd5 20. Rh5 $18) ({9:-1.14} 
14... g6 15. g5 Nh5 16. Bb5 c6 17. Be2 Ng7 18. Rh6 18... Nf5 $16) 15. Bxe4 dxe4
16. g5 g6 17. Qg4 Nd7 18. d5 Nxe5 19. Bxe5+ Kg8 ({9:-Mat06} 19... Kg8 20. Rxh7
Bf6 21. Bxf6 Qxf6 22. gxf6 Kxh7 23. Qh4+ Kg8 24. Qh6 Bxd5 25. Qg7# $18) ({
9:-2.06} 19... f6 20. gxf6 Bxf6 21. Qxg6 Re7 22. Bxf6+ Rxf6 23. Qxf6+ Rg7+ 24.
Qxg7+ Kxg7 25. Nxe4 Qxd5 26. Rg3+ Kf8 27. Rg8+ Kf7 28. Nc3 $18) 20. Rxh7 Bf6
21. Bxf6 Qxf6 22. gxf6 Kxh7 23. Qh4+ Kg8 24. Qh6 exd5 25. Qg7# 1-0

[Event "ICS rated blitz match"]
[Site "207.99.83.227"]
[Date "1999.04.14"]
[Round "?"]
[White "j724"]
[Black "Hossa"]
[Result "0-1"]
[WhiteElo "2257"]
[BlackElo "2522"]
[PlyCount "50"]

1. d4 Nf6 2. Nf3 e6 3. Bf4 Bb4+ 4. c3 Be7 5. Nbd2 Nh5 6. Bg3 O-O 7. e4 d6 8.
Bd3 Nd7 9. Rc1 Nxg3 10. hxg3 e5 11. Bb1 b6 12. Qe2 Bf6 13. a3 Re8 14. Ba2 Bb7
15. Kf1 exd4 16. cxd4 c5 17. d5 Bxb2 18. Rc2 Bxa3 19. Ne1 Nf6 20. g4 Bb4 21. g5
Bxd2 22. gxf6 Bxe1 23. Qh5 h6 24. fxg7 Qf6 25. Kxe1 25... Rxe4+ {j724 resigns}
0-1

[Event "ICS rated blitz match"]
[Site "207.99.83.227"]
[Date "1999.04.14"]
[Round "?"]
[White "Hossa"]
[Black "jo"]
[Result "1/2-1/2"]
[WhiteElo "2528"]
[BlackElo "2366"]
[PlyCount "135"]

1. e4 c5 2. Bc4 e6 3. Nc3 a6 4. a4 h5 5. Nf3 h4 6. d4 cxd4 7. Qxd4 h3 8. Rg1
Nc6 9. Qd3 hxg2 10. Rxg2 Qc7 11. Qe2 Ne5 12. Nxe5 Qxe5 13. f4 Qa5 14. Be3 b5
15. Bd3 b4 16. Nd1 Bb7 17. Bd4 Nf6 18. Rg5 Qc7 19. e5 Nd5 20. Qf2 g6 21. Ne3
Be7 22. Nxd5 Bxd5 23. Rg4 a5 24. O-O-O Rc8 25. Bb6 Bc5 26. Bxc5 Qxc5 27. Rd2
Ke7 28. Ba6 Qxf2 29. Rxf2 Ra8 30. Bb5 Rh3 31. Rg3 Rh4 32. c4 Rc8 33. b3 Bc6 34.
Rd3 Rch8 35. Rdd2 R8h5 36. Kb2 Rf5 37. Rfe2 Rfxf4 38. Rd6 Rf3 39. Bxc6 dxc6 40.
Rxc6 Rhh3 41. Kc1 Rxb3 42. Rc7+ Kf8 43. Ra7 Rhc3+ 44. Rc2 Rxc2+ 45. Kxc2 Rc3+
46. Kb2 Rxc4 47. Rxa5 Kg7 48. Rb5 Rh4 49. a5 Rxh2+ 50. Kb3 Rh8 51. Rxb4 f5 52.
exf6+ Kxf6 53. Rf4+ Ke5 54. Rf7 g5 55. Kb4 g4 56. Rg7 Kf4 57. Rf7+ Ke3 58. Re7
g3 59. Rxe6+ Kf2 60. Rc6 g2 61. Rc2+ Kf1 62. Rc1+ Kf2 63. Rc2+ Kf1 64. Rc1+ Kf2
65. Rc2+ Kf1 66. Rc1+ Kf2 67. Rc2+ Kf1 68. Rc1+ {Game drawn by repetition}
1/2-1/2

[Event "ICS rated blitz match"]
[Site "207.99.83.227"]
[Date "1999.04.14"]
[Round "?"]
[White "Hossa"]
[Black "Wanted"]
[Result "0-1"]
[WhiteElo "2521"]
[BlackElo "2421"]
[Annotator "Crafty v16.6"]
[PlyCount "118"]

{annotating for player Hossa using a scoring margin of +0.10 pawns. search
time limit is 20.00} 1. e4 1... g6 2. Be2 Bg7 3. d3 c5 4. Nc3 Nc6 5. Nf3 e6 6.
Bg5 Nge7 7. Qd2 h6 8. Be3 ({9:+0.07} 8. Be3 8... Nd4 9. O-O e5 10. Rab1 Nxe2+
11. Nxe2 d6 12. b4 b6 13. bxc5 13... bxc5 $10) ({9:+0.22} 8. Bf4 8... Qb6 9.
O-O-O Qb4 10. Bd6 Bxc3 11. Qxc3 Qxc3 12. bxc3 b6 13. h4 $10) 8... Nd4 9. Bd1 ({
9:-0.03} 9. Bd1 9... d6 10. Bxd4 cxd4 11. Ne2 O-O 12. Nexd4 e5 13. Nb5 13...
Bg4 $10) ({9:+0.25} 9. O-O 9... d6 10. Bxd4 cxd4 11. Nb5 Nc6 12. c3 dxc3 13.
Nxc3 O-O 14. Rac1 $10) 9... d5 10. exd5 exd5 11. Bxd4 ({9:-0.07} 11. Bxd4 11...
cxd4 12. Ne2 Qb6 13. c3 dxc3 14. bxc3 O-O 15. O-O Qd6 16. Re1 $10) ({9:+0.40} 
11. Na4 11... Ne6 12. Nxc5 Nxc5 13. Bxc5 Bxb2 14. Rb1 Bg7 15. O-O 15... O-O $14
) 11... cxd4 12. Nb5 Nc6 13. O-O O-O 14. Qf4 g5 15. Qc7 a6 16. Qxd8 Rxd8 17.
Na3 Re8 18. Nd2 g4 19. f3 ({10:-0.77} 19. f3 19... h5 20. Rc1 Bh6 21. f4 Bf5
22. Nb3 Re3 23. Nc5 23... b6 $17) ({10:-0.51} 19. Nb3 19... Be5 20. Nb1 Bf4 21.
N1d2 Bf5 22. f3 gxf3 23. Bxf3 Be3+ 24. Kh1 24... Re5 $15) 19... h5 20. fxg4 ({
9:-0.97} 20. fxg4 20... hxg4 21. Nb3 Bh6 22. Rf6 Be3+ 23. Kf1 Ne5 24. Nc5 Kg7
25. Rd6 $17) ({9:-0.80} 20. Kh1 20... Bh6 21. Nb3 Be3 22. Nb1 Re5 23. N1d2 Bf5
24. Re1 $17) 20... hxg4 21. Kh1 Bd7 22. Nb3 b6 23. Nc1 Re3 24. Ne2 Be5 25. Nb1
Kg7 26. Nd2 Rh8 27. Nf4 Ne7 28. Rb1 Ng6 29. Nxd5 Bxh2 30. Nxb6 Bc6 31. Nbc4 Nf4
32. Nxe3 dxe3 33. Ne4 e2 34. Re1 Bg3+ 35. Kg1 Bxe1 36. Bxe2 Nxe2+ 37. Kf1 Ng3+
38. Nxg3 Bxg3 39. Ke2 Re8+ 40. Kf1 Re6 41. d4 Rf6+ 42. Ke2 Rf2+ 43. Kd3 Bxg2
44. Rd1 f5 45. d5 Bxd5 46. Kc3 Be5+ 47. Kb4 Be6 48. Re1 Kf6 49. Rh1 g3 50. Ka5
g2 51. Rg1 f4 52. c3 f3 53. Rd1 Rxb2 54. c4 Rxa2+ 55. Kb4 f2 56. Kb3 f1=Q 57.
Rd4 Bxd4 58. Kxa2 Qxc4+ 59. Ka3 Qb3# 0-1

[Event "ICS rated blitz match"]
[Site "207.99.83.227"]
[Date "1999.04.14"]
[Round "?"]
[White "leskovar"]
[Black "Hossa"]
[Result "0-1"]
[WhiteElo "2298"]
[BlackElo "2501"]
[PlyCount "52"]

1. e4 c5 2. Nf3 Nc6 3. Bb5 a6 4. Bxc6 dxc6 5. d3 Qc7 6. h3 e5 7. a4 Bd6 8. a5
Ne7 9. Nbd2 O-O 10. Nc4 Be6 11. b3 Kh8 12. Ng5 Bxc4 13. Qh5 h6 14. bxc4 Kg8 15.
h4 Qd7 16. Be3 f5 17. exf5 hxg5 18. hxg5 Qxf5 19. Rh3 e4 20. O-O-O Bc7 21. dxe4
Qxe4 22. Rd7 Qe5 23. Rxe7 Qa1+ 24. Kd2 Rad8+ 25. Bd4 Rxf2+ 26. Ke3 26... Qxd4#
{leskovar checkmated} 0-1

[Event "ICS rated blitz match"]
[Site "207.99.83.227"]
[Date "1999.04.14"]
[Round "?"]
[White "Hossa"]
[Black "TDChess"]
[Result "0-1"]
[WhiteElo "2509"]
[BlackElo "2523"]
[Annotator "Crafty v16.6"]
[PlyCount "72"]

{annotating for player Hossa using a scoring margin of +0.10 pawns. search
time limit is 20.00} 1. e4 1... e6 2. Nf3 d5 3. e5 ({9:-0.10} 3. e5 3... Nh6 4.
Be2 Be7 5. d3 Nf5 6. O-O O-O 7. Nc3 $10) ({9:+0.82} 3. exd5 3... Qxd5 4. Nc3
Qc5 5. Be2 Nf6 6. O-O Nbd7 7. Bb5 7... Bd6 $16) 3... g5 4. d4 g4 5. Nfd2 h5 6.
f3 ({9:+0.00} 6. f3 6... Nc6 7. fxg4 Qh4+ 8. g3 Qxg4 9. Qxg4 hxg4 10. Bb5 Bd7
11. Nb3 $10) ({9:+0.27} 6. h3 6... gxh3 7. Rxh3 Nc6 8. Nb3 h4 9. Bf4 Nh6 10.
Bb5 10... Nf5 $10) 6... Nc6 7. c3 Qh4+ 8. g3 Qg5 9. Be2 Bd7 10. Rf1 ({9:-0.42} 
10. Rf1 10... O-O-O 11. Rf2 gxf3 12. Nxf3 Qg7 13. Nh4 f6 14. Bxh5 14... fxe5
$15) ({9:+0.65} 10. fxg4 10... hxg4 11. Ne4 Qg6 12. Nf2 O-O-O 13. Nd2 Nh6 14.
Nxg4 14... Qf5 $14) 10... Qg6 11. Rf2 ({9:-0.72} 11. Rf2 11... f5 12. exf6 Nxf6
13. Nb3 O-O-O 14. Bf4 gxf3 15. Rxf3 Ne4 16. N1d2 $17) ({9:-0.43} 11. fxg4 11...
hxg4 12. Rf4 f5 13. exf6 Nxf6 14. Nf1 O-O-O 15. Bxg4 Nxg4 16. Rxg4 16... Qf5
$15) 11... f5 12. Nb3 O-O-O 13. Qc2 ({8:-0.81} 13. Qc2 13... gxf3 14. Bxf3 h4
15. g4 Nge7 16. Be3 fxg4 17. Qxg6 Nxg6 18. Bxg4 $17) ({8:-0.65} 13. Qd3 13...
gxf3 14. Bxf3 Nh6 15. Rg2 Be7 16. Bf4 h4 17. g4 $15) 13... Nh6 14. Bf4 h4 15.
gxh4 gxf3 16. Rxf3 Be7 17. Bg3 Ng4 18. h3 Ngxe5 19. dxe5 ({9:-0.40} 19. dxe5
19... Bxh4 20. Bxh4 Rxh4 21. N1d2 Nxe5 22. Re3 Qg5 23. Nf1 23... Qf4 $15) ({
9:-0.12} 19. Bxe5 19... Bxh4+ 20. Kd1 Nxe5 21. dxe5 Qg1+ 22. Bf1 Bg3 23. Qg2
Qxg2 24. Bxg2 Bxe5 25. N1d2 $10) 19... Bxh4 20. Bxh4 Rxh4 21. N1d2 Nxe5 22. Rf2
Qg1+ 23. Nf1 Rxh3 24. Nc5 Re3 25. Qb3 Bc6 26. Nxe6 Nd3+ 27. Kd2 Rxe6 28. Rxf5
Qg2 29. Ne3 Rxe3 30. Re1 Nxe1 31. Kxe3 Re8+ 32. Re5 Rxe5+ 33. Kd2 Rxe2+ 34. Kd1
Nd3 35. Qxb7+ Bxb7 36. c4 Rd2# 0-1

[Event "ICS rated blitz match"]
[Site "207.99.83.227"]
[Date "1999.04.14"]
[Round "?"]
[White "Prof-Moriarty"]
[Black "Hossa"]
[Result "0-1"]
[WhiteElo "2358"]
[BlackElo "2494"]
[PlyCount "46"]

1. d4 Nf6 2. Nf3 e6 3. e3 Be7 4. Bd3 O-O 5. O-O d5 6. Nbd2 Nc6 7. b3 Nb4 8. Be2
c5 9. a3 Nc6 10. Bd3 cxd4 11. exd4 Bd7 12. Bb2 Qc7 13. Ne5 Bd6 14. f4 Rac8 15.
Rf3 Be8 16. Rh3 Nb8 17. Bxh7+ Nxh7 18. Qh5 Qxc2 19. Rc1 f6 20. Rxc2 Bxh5 21.
Rxc8 Rxc8 22. Rxh5 Rc2 23. Ndf3 23... Rxb2 {Prof-Moriarty resigns} 0-1

[Event "ICS rated blitz match"]
[Site "207.99.83.227"]
[Date "1999.04.14"]
[Round "?"]
[White "Hossa"]
[Black "Prof-Moriarty"]
[Result "1-0"]
[WhiteElo "2504"]
[BlackElo "2348"]
[PlyCount "27"]

1. e4 d6 2. d4 Nf6 3. Nc3 g6 4. Bc4 Bg7 5. Nf3 O-O 6. O-O c6 7. e5 Ne8 8. Bg5
d5 9. Be2 f6 10. exf6 exf6 11. Bf4 Nd6 12. Rc1 Be6 13. Qd2 Nd7 14. Bxd6 {
Prof-Moriarty resigns} 1-0

[Event "ICS rated blitz match"]
[Site "207.99.83.227"]
[Date "1999.04.14"]
[Round "?"]
[White "Prof-Moriarty"]
[Black "Hossa"]
[Result "0-1"]
[WhiteElo "2339"]
[BlackElo "2513"]
[PlyCount "76"]

1. d4 Nf6 2. Nf3 e6 3. e3 Be7 4. Bd3 O-O 5. O-O d5 6. b3 Nc6 7. Bb2 b6 8. Nbd2
Nb4 9. Be2 c5 10. a3 Nc6 11. Bd3 cxd4 12. exd4 Bb7 13. Ne5 Rc8 14. f4 Bd6 15.
Rf3 Ne4 16. Rh3 f5 17. Bxe4 fxe4 18. Qh5 h6 19. Qg4 Nxe5 20. dxe5 Rxc2 21.
Qxe6+ Rf7 22. exd6 Rxb2 23. Rc1 Rxd2 24. Rc7 Rd1+ 25. Kf2 Qf6 26. Qxf6 Rxf6 27.
d7 Rf8 28. Rxb7 Rd2+ 29. Ke1 Rxg2 30. Rc7 Rg1+ 31. Kf2 Rg6 32. Rc8 Rd6 33. Rc7
Rxf4+ 34. Ke3 Rf7 35. d8=Q+ Rxd8 36. Rxf7 Kxf7 37. Kd4 a5 38. Re3 38... g5 {
Prof-Moriarty resigns} 0-1

[Event "ICS Rated blitz match"]
[Site "207.99.83.227"]
[Date "1999.04.15"]
[Round "?"]
[White "Hossa"]
[Black "jo"]
[Result "1-0"]
[WhiteElo "2522"]
[BlackElo "2447"]
[PlyCount "44"]

1. e4 c5 2. Bc4 e6 3. Nc3 a6 4. a4 h5 5. Nf3 h4 6. d4 cxd4 7. Qxd4 h3 8. Rg1
Nc6 9. Qd3 hxg2 10. Rxg2 Qa5 11. Bf4 b5 12. Bb3 b4 13. Ne2 Bb7 14. O-O-O Rd8
15. Bd6 Nge7 16. Rg5 Qb6 17. Bc5 Qc7 18. Bc4 a5 19. Bd6 Qb6 20. Rb5 Qa7 21. Bc5
Qa8 22. Bb6 22... Ng6 {jo resigns} 1-0

[Event "ICS rated blitz match"]
[Site "207.99.83.227"]
[Date "1999.04.15"]
[Round "?"]
[White "jo"]
[Black "Hossa"]
[Result "1-0"]
[WhiteElo "2412"]
[BlackElo "2557"]
[Annotator "Crafty v16.6"]
[PlyCount "69"]

{annotating for player Hossa using a scoring margin of +0.10 pawns. search
time limit is 20.00} 1. e4 1... d6 2. d4 Nf6 3. Nc3 Nbd7 4. Be3 e5 5. f3 Be7 6.
Qd2 exd4 7. Bxd4 O-O 8. O-O-O Ne5 9. Kb1 Be6 10. h4 Nc6 ({8:-0.18} 10... Nc6
11. Be3 Nh5 12. Bf2 Nb4 13. g4 Nf6 14. Qg5 $10) ({8:-0.07} 10... Nc4 11. Qf2
Rc8 12. Nd5 Bxd5 13. exd5 Nb6 14. Bxf6 Bxf6 15. Ne2 $10) 11. Be3 Ne5 ({9:-0.41
} 11... Ne5 12. h5 h6 13. g4 Nc4 14. Bxc4 Bxc4 15. g5 hxg5 16. Bxg5 16... Re8
$14) ({9:-0.25} 11... Nh5 12. Qf2 Ne5 13. Nd5 Nf6 14. Nxe7+ Qxe7 15. Bf4 Ng6
16. Bg5 16... Rfe8 $10) 12. h5 h6 13. g4 Bc4 ({9:-1.86} 13... Bc4 14. f4 Bxa2+
15. Kxa2 Nexg4 16. Bd4 c5 17. Bxf6 Nxf6 18. Kb1 18... Re8 $18) ({9:-0.49} 13...
Nfd7 14. Nd5 Nb6 15. Bf4 Bf6 16. Nxf6+ Qxf6 17. g5 hxg5 18. Bxg5 Nxf3 19. Nxf3
19... Qxf3 $14) 14. Bd3 Nxd3 ({9:-0.76} 14... Nxd3 15. cxd3 Be6 16. g5 hxg5 17.
Bxg5 Nd5 18. Bxe7 Nxc3+ 19. Qxc3 Qxe7 20. h6 f6 21. hxg7 21... Kxg7 $16) ({
9:+0.15} 14... Bxd3 15. cxd3 Nfd7 16. Nd5 Nc5 17. g5 hxg5 18. h6 gxh6 19. Rxh6
Ncxd3 20. Nxe7+ Qxe7 21. Bxg5 $10) 15. cxd3 Be6 16. Nge2 Ne8 ({10:-0.22} 16...
Ne8 17. Rhg1 c6 18. g5 hxg5 19. Bxg5 f6 20. Bh6 Kf7 21. Bf4 21... Kg8 $10) ({
10:+0.09} 16... Nh7 17. Nd4 Bd7 18. Nd5 Re8 19. Nxe7+ Qxe7 20. Nf5 Bxf5 21.
gxf5 Nf6 22. Bd4 22... Rad8 $10) 17. Nd4 c6 ({9:-0.41} 17... c6 18. Nxe6 fxe6
19. f4 d5 20. Bd4 Bb4 21. Rhe1 Nf6 22. Qe2 $14) ({9:-0.03} 17... Bd7 18. Nd5
Bf6 19. Nxf6+ Qxf6 20. Nf5 Qd8 21. Qb4 Bc6 22. Qd4 22... Nf6 $10) 18. Rhg1 c5 (
{10:-0.55} 18... c5 19. Nxe6 fxe6 20. Rdf1 d5 21. exd5 exd5 22. Bxh6 gxh6 23.
Qxh6 Bf6 24. Qg6+ 24... Kh8 $14) ({10:-0.27} 18... Bd7 19. g5 hxg5 20. Bxg5 f6
21. Bh6 c5 22. Nde2 Kh7 23. Bf4 23... Kg8 $10) 19. Nf5 Bf6 20. f4 Kh8 ({8:-0.22
} 20... Kh8 21. g5 hxg5 22. fxg5 Bxc3 23. Qxc3 Bxf5 24. exf5 Qe7 25. Rge1 25...
Kg8 $10) ({8:+0.08} 20... Bxc3 21. Qxc3 b5 22. Qe1 Qc7 23. g5 Bxf5 24. exf5
hxg5 25. fxg5 25... Rd8 $10) 21. g5 hxg5 22. fxg5 Bxc3 23. Qxc3 Bxf5 24. exf5
b5 25. h6 b4 26. hxg7+ Nxg7 27. Rh1+ Kg8 28. Qd2 f6 29. g6 Nh5 30. Rxh5 b3 31.
axb3 Re8 32. Qh2 Kg7 33. Rh7+ Kg8 34. Rh8+ Kg7 35. Qh7# 1-0

[Event "ICS rated blitz match"]
[Site "207.99.83.227"]
[Date "1999.04.15"]
[Round "?"]
[White "Wanted"]
[Black "Hossa"]
[Result "1-0"]
[WhiteElo "2454"]
[BlackElo "2535"]
[Annotator "Crafty v16.6"]
[PlyCount "122"]

{annotating for player Hossa using a scoring margin of +0.10 pawns. search
time limit is 20.00} 1. e4 1... e5 2. Nf3 Nc6 3. d4 exd4 4. Nxd4 Bc5 5. Nxc6
Qf6 6. Qd2 Qxc6 7. Bd3 Nf6 8. O-O O-O 9. b4 Bb6 ({9:+0.19} 9... Bb6 10. e5 Ng4
11. Qf4 d6 12. b5 Qd5 13. exd6 cxd6 14. Nc3 $10) ({9:+0.37} 9... Be7 10. e5 Ng4
11. Bb2 d6 12. Re1 Bh4 13. Be4 13... Qc4 $15) 10. c4 Bd4 11. Nc3 Bxc3 ({8:+0.20
} 11... Bxc3 12. Qxc3 Nxe4 13. Qd4 Nf6 14. Bg5 a5 15. Bxf6 Qxf6 16. Qxf6 16...
gxf6 $10) ({8:+0.53} 11... Ng4 12. Rb1 Qd6 13. g3 Ne5 14. Be2 Re8 15. Bb2 $15)
12. Qxc3 Nxe4 13. Qc2 Re8 ({9:-0.08} 13... Re8 14. Re1 d5 15. Bf4 Be6 16. b5
Qc5 17. cxd5 Qxc2 18. Bxc2 Bxd5 19. Bxc7 $10) ({9:+0.10} 13... Nf6 14. Bb2 Kh8
15. Rae1 Qd6 16. Be5 Qe7 17. Qc3 17... Ne8 $10) 14. b5 Qg6 15. Re1 f5 16. c5 d5
17. cxd6 cxd6 18. Bb2 Nc5 ({8:+0.04} 18... Nc5 19. Ba3 b6 20. Rxe8+ Qxe8 21.
Bxf5 Bxf5 22. Qxf5 Qe4 23. Qg5 23... Re8 $10) ({8:+0.33} 18... Be6 19. Bxe4
fxe4 20. Qxe4 Qxe4 21. Rxe4 Kf7 22. Rc1 Bd7 23. Rxe8 23... Rxe8 $15) 19. Rxe8+
Qxe8 20. Bxf5 Bxf5 21. Qxf5 Qxb5 22. Qd5+ Kh8 23. Bd4 Qc6 24. Qf7 Rg8 25. Re1
Ne4 26. f3 Nf6 27. Bxf6 gxf6 28. Qxf6+ Rg7 29. h4 d5 30. Re6 Qc5+ 31. Kh2 Qc7+
32. f4 Qf7 33. Qe5 h5 34. Rf6 Qe7 35. Rh6+ Kg8 36. Qxd5+ Rf7 37. Qxh5 Rh7 38.
Rxh7 Qxh7 39. Qxh7+ Kxh7 40. g4 b5 41. Kg2 Kg7 42. Kf2 b4 43. Ke2 a5 44. Kd3 a4
45. Kc4 b3 46. axb3 a3 47. Kc3 Kf7 48. b4 a2 49. Kb2 Ke7 50. Kxa2 Kd6 51. h5
Ke6 52. h6 Kf7 53. b5 Kg6 54. g5 Kf5 55. b6 Kxf4 56. g6 Ke5 57. g7 Kd4 58. g8=Q
Ke5 59. b7 Kf4 60. b8=Q+ Ke3 61. Qgg3+ Kd2 1-0

[Event "ICS rated blitz match"]
[Site "207.99.83.227"]
[Date "1999.04.15"]
[Round "?"]
[White "Hossa"]
[Black "jo"]
[Result "1-0"]
[WhiteElo "2515"]
[BlackElo "2408"]
[PlyCount "58"]

1. e4 c5 2. Bc4 e6 3. Nc3 a6 4. a4 h5 5. Nf3 h4 6. d4 cxd4 7. Qxd4 Qc7 8. Bg5
h3 9. Rg1 hxg2 10. Rxg2 Nc6 11. Qe3 Ne5 12. Nxe5 Qxe5 13. Bf4 Qa5 14. O-O-O f6
15. Bd6 Bxd6 16. Rxd6 g5 17. e5 Qxe5 18. Qxe5 fxe5 19. Rxg5 Ke7 20. Rd2 d5 21.
Bb3 e4 22. Re2 Rxh2 23. Rxg8 b6 24. Kd2 Bb7 25. Rg7+ Kd6 26. Rxb7 Rf8 27. Rxb6+
Ke5 28. f4+ Rxf4 29. Rxh2 29... d4 {jo resigns} 1-0

[Event "ICS rated blitz match"]
[Site "207.99.83.227"]
[Date "1999.04.15"]
[Round "?"]
[White "jo"]
[Black "Hossa"]
[Result "0-1"]
[WhiteElo "2397"]
[BlackElo "2526"]
[PlyCount "66"]

1. e4 e5 2. Nf3 Nc6 3. Bb5 a6 4. Ba4 Nf6 5. Qe2 b5 6. Bb3 Bd6 7. O-O O-O 8. c3
Bb7 9. Re1 Bc5 10. d3 Kh8 11. Bg5 Rc8 12. Nbd2 Qe7 13. Nf1 b4 14. Ne3 Bxe3 15.
fxe3 bxc3 16. bxc3 Na5 17. Rf1 Nxb3 18. axb3 Qe6 19. b4 Ng8 20. Ra5 f6 21. Bh4
Ne7 22. Be1 Nc6 23. Nh4 Nxa5 24. bxa5 Rb8 25. Nf5 Bc6 26. Rf3 Rb1 27. Rh3 Qf7
28. Kf2 Rfb8 29. Bd2 d6 30. Qg4 R8b2 31. Qh4 Rxd2+ 32. Kg3 Qg6+ 33. Kf3 33...
Qxg2# {jo checkmated} 0-1

[Event "ICS rated blitz match"]
[Site "207.99.83.227"]
[Date "1999.04.15"]
[Round "?"]
[White "Hossa"]
[Black "jo"]
[Result "1-0"]
[WhiteElo "2536"]
[BlackElo "2387"]
[PlyCount "25"]

1. e4 c5 2. Bc4 e6 3. Nc3 a6 4. a4 h5 5. Nf3 h4 6. d4 cxd4 7. Qxd4 h3 8. Rg1
hxg2 9. Bg5 Qa5 10. Rxg2 b5 11. Be2 Nc6 12. Qd1 Nf6 13. axb5 {jo resigns} 1-0

[Event "ICS rated blitz match"]
[Site "207.99.83.227"]
[Date "1999.04.15"]
[Round "?"]
[White "Hossa"]
[Black "plimsol"]
[Result "1-0"]
[WhiteElo "2546"]
[BlackElo "2361"]
[PlyCount "28"]

1. e4 c5 2. Bc4 e6 3. Nc3 a6 4. a4 Nc6 5. d3 Nf6 6. Bg5 Be7 7. Nf3 h6 8. Bh4
O-O 9. O-O d6 10. Qe2 Nd4 11. Nxd4 cxd4 12. Nd1 d5 13. Bxf6 Bxf6 14. exd5 14...
e5 {plimsol resigns} 1-0

[Event "ICS rated blitz match"]
[Site "207.99.83.227"]
[Date "1999.04.15"]
[Round "?"]
[White "Hossa"]
[Black "razzle"]
[Result "0-1"]
[WhiteElo "2552"]
[BlackElo "2778"]
[Annotator "Crafty v16.6"]
[PlyCount "160"]

{annotating for player Hossa using a scoring margin of +0.10 pawns. search
time limit is 20.00} 1. e4 1... e5 2. Nf3 Nf6 3. Nc3 Bb4 4. Nxe5 Qe7 5. Nf3
Nxe4 6. Nxe4 ({9:-0.05} 6. Nxe4 6... Qxe4+ 7. Qe2 Qxe2+ 8. Bxe2 O-O 9. O-O Nc6
10. Re1 Re8 11. Ng5 11... Nd4 $10) ({9:+0.13} 6. Be2 6... O-O 7. O-O Nc6 8. Nd5
Qd6 9. Nxb4 Nxb4 10. d3 10... Nc5 $10) 6... Qxe4+ 7. Be2 O-O 8. c3 Be7 9. O-O
Nc6 10. d3 Qd5 11. c4 Qf5 12. Re1 d5 13. Bd2 Bf6 14. cxd5 Qxd5 15. Bc3 Bxc3 16.
bxc3 Re8 17. Qd2 Bg4 18. Rab1 b6 19. Qf4 ({8:-0.83} 19. Qf4 19... Qxa2 20. Ra1
Qb2 21. Rab1 Qc2 22. Rbc1 22... Qb2 $17) ({8:-0.08} 19. a4 19... Rad8 20. Qf4
Qd7 21. d4 Bf5 22. Rb5 22... Be4 $10) 19... Qd7 20. Rbd1 Be6 21. Rd2 Bf5 22.
Qg5 Bg4 23. Rdd1 Re7 24. Qf4 Rae8 25. Bf1 Qf5 26. Qxf5 Bxf5 27. Rxe7 Rxe7 28.
Re1 Rxe1 29. Nxe1 Kf8 30. d4 Na5 31. Nd3 Ke7 32. Nf4 c6 33. h4 f6 34. h5 Kd6
35. f3 Bb1 36. a3 Ba2 37. Bd3 Nc4 38. Bxc4 Bxc4 39. Kf2 a5 40. g4 b5 41. Ke3 c5
42. dxc5+ Kxc5 43. h6 gxh6 44. Nh5 f5 45. gxf5 Bd5 46. Nf6 Bc6 47. Ng4 h5 48.
Ne5 Bd5 49. f6 Kd6 50. Kd4 Be6 51. f4 h4 52. f7 Ke7 53. Kc5 h3 54. Nf3 Bc4 55.
f5 Be2 56. f8=Q+ Kxf8 57. Nh2 Kf7 58. Kd4 Kf6 59. Ke3 Bc4 60. Kd4 a4 61. Ke4 h5
62. Kf3 Kxf5 63. Ke3 Bd5 64. Kd4 Kf4 65. Kxd5 Kg3 66. Nf1+ Kf2 67. Nd2 h2 68.
Ne4+ Kg1 69. Kc5 h1=Q 70. Nd6 h4 71. Kb6 h3 72. Nf5 Qd5 73. Nd4 h2 74. Ne2+ Kf2
75. Nd4 h1=Q 76. Nxb5 Qd8+ 77. Nc7 Qd6+ 78. Kb5 Qhc6+ 79. Ka5 Qdxc7+ 80. Kb4
Qc4# 0-1

[Event "ICS rated bullet match"]
[Site "207.99.83.227"]
[Date "1999.04.15"]
[Round "?"]
[White "TDChess"]
[Black "Hossa"]
[Result "0-1"]
[WhiteElo "2487"]
[BlackElo "2400"]
[PlyCount "56"]

1. d4 Nf6 2. Nf3 e6 3. e3 Be7 4. Bd3 O-O 5. c4 d6 6. O-O Nc6 7. Qb3 e5 8. Nc3
exd4 9. exd4 Bg4 10. Qxb7 Bxf3 11. gxf3 Nxd4 12. Rd1 Rb8 13. Qxa7 Nxf3+ 14. Kg2
Ne5 15. Be2 Re8 16. Nb5 c6 17. Nc3 Qc8 18. b3 Qf5 19. Be3 Bf8 20. Qa6 Ra8 21.
Qb6 Ra3 22. Re1 Kh8 23. Rad1 Ne4 24. Bc1 Nxc3 25. Bxa3 Nxe2 26. Qe3 Qg4+ 27.
Kh1 Nxc4 28. f3 28... Rxe3 {TDChess resigns} 0-1